St. John's law review

Bibliographic Details
Corporate Author: St. John's University (New York, N.Y.). School of Law
Format: Unknown
Language:English
Published: Brookyn, N.Y. : St. John's Law Review Association
Subjects:
Online Access:Acceso restringido

MARC

LEADER 00000ny a22000003n 4500
003 EbpS
005 20110512142717.0
006 m d ||||||
007 cr anunnnuuuaa
008 751101c19269999nyu p gw 0 eng
022 0 |a 0036-2905 
035 |a 4046 
040 |d vLex 
050 0 0 |a K23  |b .A33 
050 0 0 |a K23  |b .A33 
090 |c 1804  |d 1804 
245 0 0 |a St. John's law review  |h [Recurso electrn̤ico] 
246 3 0 |a Saint John's law review 
256 |a Servicio en ln̕ea 
260 |a Brookyn, N.Y. :  |b St. John's Law Review Association 
310 |a Quarterly,  |b 1966- 
506 1 |a Contenido solo disponible en los productos indicados  |d vLex Global  |d vLex Global (Academic Edition, excluding Law Schools)  |d vLex Global (U.S. Academic Edition, excluding Law Schools) 
555 |a Vol. 38 (1963)-47 (1973), in v. 47; Vol. 1 (1926)-v. 50 (1976). 1 v 
650 0 4 |a Derecho  |z Estados Unidos  |x Publicaciones perid̤icas 
710 2 |a St. John's University (New York, N.Y.).  |b School of Law 
740 |a vLex Revista (Servicios en ln̕ea) 
843 |a Electrn̤ica. Abierta 
853 |8 1  |i (year)  |j (month)  |k (day) 
856 4 0 |z Acceso restringido  |u http://vlex.com/account/login_ip?fuente_id=4046  
942 |c REV 
999 0 |a Law reviews  |z New York (State)